书目信息 |
| 题名: |
马斯洛谈自我超越
|
|
| 作者: | 马斯洛 著 ;石磊 编译 | |
| 分册: | ||
| 出版信息: | 天津 天津社会科学院出版社 2011.4 |
|
| 页数: | 377页 | |
| 开本: | 21cm | |
| 丛书名: | ||
| 单 册: | ||
| 中图分类: | B84-067 | |
| 科图分类: | ||
| 主题词: | ||
| 电子资源: | ||
| ISBN: | 978-7-80688-653-3 | |
| 000 | 01103nam0 2200253 45 | |
| 001 | 1359724656 | |
| 005 | 20130529082748.39 | |
| 010 | @a978-7-80688-653-3@b精装@dCNY28.00 | |
| 100 | @a20130513d2011 em y0chiy50 ea | |
| 101 | 1 | @achi@ceng |
| 102 | @aCN@b120000 | |
| 105 | @aa z 000yy | |
| 106 | @ar | |
| 200 | 1 | @a马斯洛谈自我超越@AMa Si Luo Tan Zi Wo Chao Yue@f(英)马斯洛著@F( Ying ) Ma Si Luo Zhu@g石磊编译 |
| 210 | @a天津@c天津社会科学院出版社@d2011.4 | |
| 215 | @a377页@c图@d21cm | |
| 300 | @a世界大师思想精粹 | |
| 330 | @a本书介绍自我实现者以自己的价值和感情指导生活,不依靠别人来求得安全和满足,他们依靠的只是自己。自我实现者对随意应和他人的观点和行为十分反感,他们认为人必须具有自己的主见,认定的事情就应坚持去做。而不应顾及传统的力量或舆论的压力。他们这种反对盲目遵从的倾向,显然不是对文化传统或舆论的有意轻视,而是他们自立、自强的人格的反缺。 | |
| 600 | 0 | @a马斯洛,@f1908-1970@x人本心理学 |
| 690 | @aB84-067@v5 | |
| 701 | 0 | @c(英)@a马斯洛@AMa Si Luo@c(Maslow, A.H.)@4著 |
| 702 | 0 | @a石磊@AShi Lei@4编译 |
| 801 | @aCN@bTANGWEI@c20130522 | |
| 905 | @b0833604-07@dB84-067@e1153@f4 | |
| 马斯洛谈自我超越/(英)马斯洛著/石磊编译.-天津:天津社会科学院出版社,2011.4 |
| 377页:图;21cm |
| 世界大师思想精粹 |
| ISBN 978-7-80688-653-3(精装):CNY28.00 |
| 本书介绍自我实现者以自己的价值和感情指导生活,不依靠别人来求得安全和满足,他们依靠的只是自己。自我实现者对随意应和他人的观点和行为十分反感,他们认为人必须具有自己的主见,认定的事情就应坚持去做。而不应顾及传统的力量或舆论的压力。他们这种反对盲目遵从的倾向,显然不是对文化传统或舆论的有意轻视,而是他们自立、自强的人格的反缺。 |
| ● |
| 相关链接 |
|
|
|
|
正题名:马斯洛谈自我超越
索取号:B84-067/1153
 
预约/预借
| 序号 | 登录号 | 条形码 | 馆藏地/架位号 | 状态 | 备注 |
| 1 | 0833604 | 208336040 | 第一样本阅览室/ [索取号:B84-067/1153] | 在馆 | |
| 2 | 0833605 | 208336059 | 教育系资料室/ [索取号:B84-067/1153] | 在馆 | |
| 3 | 0833606 | 208336068 | 教育系资料室/ [索取号:B84-067/1153] | 在馆 | |
| 4 | 0833607 | 208336077 | 第一借阅区/ [索取号:B84-067/1153] | 在馆 |